Normal view
MARC view
Entry Personal Name
001 - CONTROL NUMBER
- control field: 24430
003 - CONTROL NUMBER IDENTIFIER
- control field: dpl
005 - DATE AND TIME OF LATEST TRANSACTION
- control field: 20101122160734.0
008 - FIXED-LENGTH DATA ELEMENTS
- fixed length control field: 101122|||a|||||| | ||| d
040 ## - CATALOGING SOURCE
- Original cataloging agency: dpl
- Transcribing agency: dpl
100 ## - HEADING--PERSONAL NAME
- Personal name: चांदोरकर.स्वाती
670 ## - SOURCE DATA FOUND
- Source citation: Work cat.: (dpl)48684: ओशो 24413, मीरेची मधुशाला /, 2010
670 ## - SOURCE DATA FOUND
- Source citation: Work cat.: (dpl)48684: ओशो 24413, मीरेची मधुशाला /, 2010
